Sports Quiz

Random Sports or NHL Quiz

NHL Players with Most Points By Number (2010-11) Quiz Stats

Quiz not verified by Sporcle

Challenge
Share
Tweet
Embed
Score 0/98 Timer 10:00
0 Plays Today
Number Player % Correct
8Alex Ovechkin
98.8%
5Nicklas Lidstrom
97.6%
10Corey Perry
97.6%
22Daniel Sedin
97.6%
33Henrik Sedin
97.6%
12Jarome Iginla
96.5%
13Pavel Datsyuk
96.5%
2Duncan Keith
95.3%
11Anze Kopitar
95.3%
15Ryan Getzlaf
95.3%
19Jonathan Toews
95.3%
81Phil Kessel
95.3%
1Roberto Luongo
94.1%
4Vincent Lecavalier
94.1%
6Shea Weber
94.1%
68Yannick Weber
94.1%
88Patrick Kane
94.1%
7Brent Seabrook
91.8%
9Bobby Ryan
91.8%
17Ryan Kesler
91.8%
26Martin St. Louis
90.6%
91Steven Stamkos
90.6%
40Henrik Zetterberg
87.1%
87Sidney Crosby
87.1%
71Evgeni Malkin
85.9%
3Keith Yandle
84.7%
61Rick Nash
83.5%
28Claude Giroux
81.2%
18Mike Richards
80%
14Tomas Plekanec
77.6%
23Dustin Brown
76.5%
42David Backes
76.5%
21Loui Eriksson
75.3%
Number Player % Correct
63Mike Ribeiro
75.3%
93Johan Franzen
74.1%
53Jeff Skinner
68.2%
46David Krejci
67.1%
48Danny Briere
67.1%
84Mikhail Grabovski
67.1%
14Justin Williams
65.9%
37Patrice Bergeron
63.5%
58Kris Letang
63.5%
30Henrik Lundqvist
61.2%
55Niklas Kronwall
61.2%
39Logan Couture
58.8%
24Martin Havlat
57.6%
25Chris Stewart
57.6%
65Erik Karlsson
57.6%
76P.K. Subban
57.6%
83Ales Hemsky
57.6%
94Ryan Smyth
55.3%
89Sam Gagner
54.1%
20Alex Steen
52.9%
36Jussi Jokinen
52.9%
41Nikolai Kulemin
52.9%
74Sergei Kostitsyn
51.8%
16Clarke MacArthur
50.6%
44Todd Bertuzzi
47.1%
80Nik Antropov
47.1%
29Ryan Clowe
45.9%
86Wojtek Wolski
44.7%
96Pierre-Marc Bouchard
44.7%
20James Wisniewski
43.5%
67Michael Frolik
43.5%
73Michael Ryder
43.5%
27Patric Hornqvist
41.2%
Number Player % Correct
43Darren Helm
41.2%
90Marcus Johansson
37.6%
32Kris Versteeg
36.5%
50Antoine Vermette
35.3%
75Hal Gill
34.1%
51Frans Nielsen
32.9%
59Chad LaRose
32.9%
77Joe Corvo
30.6%
97Matt Gilroy
30.6%
82Tomas Kopecky
29.4%
54David Jones
28.2%
60Jason Demers
28.2%
31Alex Frolov
24.7%
85Rostislav Olesz
23.5%
47Rich Peverley
22.4%
69Andrew Desjardins
22.4%
45Arron Asham
20%
57Blake Comeau
20%
70Braden Holtby
20%
34Daniel Winnik
16.5%
72Alex Kovalev
16.5%
38Vern Fiddler
11.8%
52Mathieu Darche
8.2%
35Jan Hejda
7.1%
38Jack Hillen
7.1%
49Theo Peckham
7.1%
78Benn Ferriero
7.1%
64Brandon McMillan
4.7%
79Adam Cracknell
4.7%
56Teemu Hartikainen
3.5%
62Mario Bliznak
1.2%
62Sean Collins
1.2%

You're not logged in!

Compare scores with friends on all Sporcle quizzes.
Join for Free
OR
Log In

You Might Also Like...

Show Comments

Extras

Top Quizzes Today


Score Distribution

Your Account Isn't Verified!

In order to create a playlist on Sporcle, you need to verify the email address you used during registration. Go to your Sporcle Settings to finish the process.

Report this User

Report this user for behavior that violates our Community Guidelines.

Details: